[Event "Usti nad Labem Chlumecky Rapid op"]
[Site "Usti nad Labem"]
[Date "2024.05.04"]
[Round "2"]
[White "Maca, Kamil"]
[Black "Janda, Zdenek"]
[Result "0-1"]
[WhiteElo "1640"]
[BlackElo "1975"]
[PlyCount "76"]
[EventDate "2024.05.04"]
[EventType "swiss (rapid)"]
[EventRounds "9"]
[EventCountry "CZE"]
[SourceTitle "CB20_2024"]
[SourceDate "2024.05.16"]
[SourceVersion "1"]
[SourceVersionDate "2024.05.16"]
[SourceQuality "1"]

1. d4 Nf6 2. c4 d6 3. Nc3 Nbd7 4. e4 e5 5. Nf3 c6 6. Be2 Be7 7. 0-0 0-0 8. Bg5 Qc7 9. Rc1 Re8 10. a3 Nf8 11. d5 Ng6 12. h3 Nh5 13. Be3 Nhf4 14. Re1 Nxe2+ 15. Nxe2 f5 16. exf5 Bxf5 17. Ng3 Bd7 18. Qd2 c5 19. b4 b6 20. Bg5 Qd8 21. Bxe7 Qxe7 22. Qg5 Nf4 23. Ne4 Nd3 24. Qxe7 Rxe7 25. Nxd6 Nxc1 26. Rxc1 e4 27. Re1 Rf8 28. Ng5 Bf5 29. Ngxe4 Bxe4 30. Rxe4 Rxe4 31. Nxe4 cxb4 32. axb4 a5 33. c5 a4 34. c6 a3 35. Nc3 Kf7 36. Kf1 Ra8 37. Na2 Ke7 38. Ke1 Ke8 0-1